UM Logo

National Police Reserve: (Record no. 13366)

MARC details
000 -LEADER
fixed length control field 00809nam a22002177a 4500
008 - FIXED-LENGTH DATA ELEMENTS--GENERAL INFORMATION
fixed length control field 190308b ||||| |||| 00| 0 eng d
020 ## - INTERNATIONAL STANDARD BOOK NUMBER
International Standard Book Number 9789004266827
082 ## - DEWEY DECIMAL CLASSIFICATION NUMBER
Edition number 2014
Classification number AV-Eb 355.37095
Item number F873
100 ## - MAIN ENTRY--PERSONAL NAME
Personal name French, Thomas.
9 (RLIN) 37340
245 ## - TITLE STATEMENT
Title National Police Reserve:
Remainder of title the origin of Japan's self defense forces /
Statement of responsibility, etc. Thomas French.
250 ## - EDITION STATEMENT
Edition statement First Edition
260 ## - PUBLICATION, DISTRIBUTION, ETC. (IMPRINT)
Place of publication, distribution, etc. USA:
Name of publisher, distributor, etc. BRILL,
Date of publication, distribution, etc. ©2014.
300 ## - PHYSICAL DESCRIPTION
Extent 330 pages;
500 ## - GENERAL NOTE
General note Includes index.
650 ## - SUBJECT ADDED ENTRY--TOPICAL TERM
Topical term or geographic name as entry element Japan -- Armed Forces -- History -- 20th century.
9 (RLIN) 37341
650 ## - SUBJECT ADDED ENTRY--TOPICAL TERM
Topical term or geographic name as entry element Japan -- Defenses -- History -- 20th century.
9 (RLIN) 37342
650 ## - SUBJECT ADDED ENTRY--TOPICAL TERM
Topical term or geographic name as entry element Police -- Japan -- History.
9 (RLIN) 37343
700 ## - ADDED ENTRY--PERSONAL NAME
Personal name French, Thomas.
9 (RLIN) 37340
856 ## - ELECTRONIC LOCATION AND ACCESS
Link text https://ebookcentral.proquest.com/lib/uniofmindanao-ebooks/detail.action?docID=1730318
942 ## - ADDED ENTRY ELEMENTS (KOHA)
Source of classification or shelving scheme Dewey Decimal Classification
Koha item type Ebooks
Holdings
Withdrawn status Lost status Source of classification or shelving scheme Damaged status Not for loan Home library Current library Shelving location Date acquired Source of acquisition Total Checkouts Full call number Barcode Date last seen Copy number Price effective from Koha item type
    Dewey Decimal Classification     UM Digos College - LIC UM Digos College - LIC Processing Center 03/08/2019 Downloaded   AV-Eb 355.37095 F873 Eb013 03/08/2019 1 03/08/2019 Ebooks